Movie Sequels - Sudden Death - Statistics

General Stats
  • This quiz has been taken 71 times
  • The average score is 7 of 18
Answers on the Grid
Answers color-coded by a green-red scale on the quiz's grid according to % correct below.
Scream VI
Inside Out 2
Speed 3
Mission: Impossible - Fallout
Halloween: Resurrection
Jaws: The Revenge
The Amazing Spider-Man 3
Saw VI
Toy Story 4
Thor: The Dark World
Star Wars: Revenge of the Jedi
IT: Chapter Two
Sphere 2: The Voyage
Rugrats in London: The Movie
Jurassic Park III
Rocky IV
Die Hardest
Terminator Genisys
A Nightmare on Elm Street 5: The Dream Child
Superman VI: Return of Zod
Batman Forever
Final Destination 8
RoboCop 4
The X-Files: I Want to Believe
Black Panther: Rise of Wakanda
Scary Movie 5
Teenage Mutant Ninja Turtles III
Indiana Jones and the Dial of Destiny
 
Answer Stats
Answer % Correct
Inside Out 2
72%
Toy Story 4
67%
Scream VI
61%
IT: Chapter Two
52%
Rocky IV
43%
Saw VI
43%
Scary Movie 5
43%
Thor: The Dark World
41%
Jurassic Park III
39%
Mission: Impossible - Fallout
39%
Batman Forever
37%
Jaws: The Revenge
37%
Indiana Jones and the Dial of Destiny
28%
Halloween: Resurrection
26%
Terminator Genisys
26%
A Nightmare on Elm Street 5: The Dream Child
17%
Teenage Mutant Ninja Turtles III
17%
The X-Files: I Want to Believe
15%
No matching quizzes found
Score Distribution
Percent of People with Each Score
Percentile by Number Answered
Your Score History
You have not taken this quiz